La teoría política de Antonio Gramsci
Guardat en:
| Autor principal: | |
|---|---|
| Format: | Llibre |
| Idioma: | espanyol |
| Publicat: |
Barcelona
Fontanella
1969
|
| Col·lecció: | Ciencias del Hombre, 7
|
| Matèries: | |
| Etiquetes: |
Afegir etiqueta
Sense etiquetes, Sigues el primer a etiquetar aquest registre!
|
MARC
| LEADER | 00000nam a2200000 a 4500 | ||
|---|---|---|---|
| 001 | UCT6895 | ||
| 003 | CL-VaPUC | ||
| 008 | 970113e19690000SP |||||||||||||||||spa|d | ||
| 082 | 0 | 4 | |a 320.01 |b BUZ |2 21 |
| 100 | 0 | |a Buzzi, A. R |e author |9 377258 | |
| 245 | 1 | 3 | |a La teoría política de Antonio Gramsci |
| 300 | |a 275 p | ||
| 942 | |c BK | ||
| 945 | |d 19970113 00:00:00 |a paguirre | ||
| 260 | |a Barcelona |b Fontanella |c 1969 | ||
| 600 | 0 | 7 | |a GRAMSCI, ANTONIO |2 CL-VaPUC |9 310178 |
| 650 | 7 | |a FILOSOFIA POLITICA |2 CL-VaPUC |9 377259 | |
| 650 | 7 | |a TEORIA POLITICA |2 CL-VaPUC |9 377260 | |
| 650 | 7 | |a MARXISMO |2 CL-VaPUC |9 377261 | |
| 650 | 0 | |a Comunismo |9 255588 | |
| 650 | 0 | |a Ideologías |9 255200 | |
| 650 | 0 | |a Estado |9 255503 | |
| 650 | 0 | |a Gobierno |9 255508 | |
| 650 | 0 | |a Doctrinas políticas |9 255835 | |
| 650 | 7 | |a REVOLUCION |2 CL-VaPUC |9 338298 | |
| 651 | 0 | |a Italia |9 254949 | |
| 583 | |a last modification |c 19970113 00:00:00 |k Rodrigo Vera | ||
| 490 | 0 | |a Ciencias del Hombre, 7 | |
| 999 | |c 255565 |d 255563 | ||
| 952 | |0 0 |1 0 |4 0 |6 320_010000000000000_BUZ_1969 |7 0 |8 A |9 277849 |a BIBDER |b BIBDER |d 2019-11-19 |i 1803824 |o 320.01 BUZ 1969 |p 1803824 |r 2023-01-25 |w 2019-11-19 |y BK |k DER | ||